LEADER 01930nam 2200637 450 001 9910464228603321 005 20200520144314.0 010 $a1-58948-369-3 035 $a(CKB)2670000000598478 035 $a(SSID)ssj0001423442 035 $a(PQKBManifestationID)12530953 035 $a(PQKBTitleCode)TC0001423442 035 $a(PQKBWorkID)11433832 035 $a(PQKB)11097652 035 $a(MiAaPQ)EBC3238281 035 $a(Au-PeEL)EBL3238281 035 $a(CaPaEBR)ebr11017131 035 $a(CaONFJC)MIL695236 035 $a(OCoLC)904413225 035 $a(EXLCZ)992670000000598478 100 $a20150223h20152015 uy 0 101 0 $aeng 135 $aurcnu|||||||| 181 $ctxt 182 $cc 183 $acr 200 10$aAbstract machine $ehumanities GIS /$fCharles B. Travis 205 $aFirst edition. 210 1$aRedlands, California :$cEsri Press,$d2015. 210 4$dİ2015 215 $a1 online resource (154 pages) $cillustrations 300 $aIncludes index. 311 $a1-58948-368-5 311 $a1-322-63954-X 606 $aGeographic information systems 606 $aInformation storage and retrieval systems$xHumanities 606 $aHumanities$xTechnological innovations 606 $aHumanities$xMethodology 606 $aSpace and time 606 $aGeography and literature 608 $aElectronic books. 615 0$aGeographic information systems. 615 0$aInformation storage and retrieval systems$xHumanities. 615 0$aHumanities$xTechnological innovations. 615 0$aHumanities$xMethodology. 615 0$aSpace and time. 615 0$aGeography and literature. 676 $a001.30285 700 $aTravis$b Charles$f1964-$0985836 801 0$bMiAaPQ 801 1$bMiAaPQ 801 2$bMiAaPQ 906 $aBOOK 912 $a9910464228603321 996 $aAbstract machine$92253329 997 $aUNINA LEADER 01259nam0-2200289 --450 001 9910594901403321 005 20221004124748.0 010 $a978-88-7125-300-8 100 $a20221004d2022----kmuy0itay5050 ba 101 $aita 102 $aIT 105 $a 001yy 200 1 $aStorie di epidemie tra terra e mare nelle carte d'archivio$e[catalogo della mostra documentaria, Procida, Nave Palinuro, 11-19 giugno 2022]$f[cura redazionale Giulia Cirenei ... et al.] 210 $a[Roma]$cMinistero della cultura, Direzione generale Archivi$d2022 215 $a202 p.$cill.$d27 cm 225 1 $aPubblicazioni degli archivi di Stato 300 $aIn copertina: Mostra documentaria allestita a bordo di Nave Palinuro, organizzata dalla Direzione generale Archivi in collaborazione con lo Stato Maggiore della Marina Militare (11-19 giugno 2022) 702 1$aCirenei,$bGiulia 712 01$aItalia$b: Direzione generale per gli archivi$4340 712 01$aItalia$b: Stato maggiore della marina$4340 801 0$aIT$bUNINA$gREICAT$2UNIMARC 901 $aBK 912 $a9910594901403321 952 $a80 565 XXVI 239$bBFA565/2022$fFFABC 959 $aFFABC 996 $aStorie di epidemie tra terra e mare nelle carte d'archivio$92916242 997 $aUNINA